Instalment credit. (Запис № 511833)

МАРК-запис
000 -LEADER
fixed length control field 01223nam a22003011 4500
001 - CONTROL NUMBER
control field instalmentcredit00amer
003 - CONTROL NUMBER IDENTIFIER
control field CaSfIA
005 - DATE AND TIME OF LATEST TRANSACTION
control field 20210118103058.0
007 - PHYSICAL DESCRIPTION FIXED FIELD--GENERAL INFORMATION
fixed length control field cr||||
008 - FIXED-LENGTH DATA ELEMENTS--GENERAL INFORMATION
fixed length control field 770617s1964 nyua 001 0 eng
010 ## - LIBRARY OF CONGRESS CONTROL NUMBER
LC control number 64055415
040 ## - CATALOGING SOURCE
Original cataloging agency DLC
Transcribing agency MUM
Modifying agency DLC
-- BTCTA
-- CaSfIA
035 ## - SYSTEM CONTROL NUMBER
System control number (OCoLC)3048626
050 00 - LIBRARY OF CONGRESS CALL NUMBER
Classification number HF5568
Item number .A65 1964
082 #4 - DEWEY DECIMAL CLASSIFICATION NUMBER
Classification number 332.7
029 1# - (OCLC)
OCLC library identifier AU@
System control number 000013718002
029 1# - (OCLC)
OCLC library identifier AU@
System control number 000026186582
110 2# - MAIN ENTRY--CORPORATE NAME
Corporate name or jurisdiction name as entry element American Institute of Banking.
245 10 - TITLE STATEMENT
Title Instalment credit.
Medium [electronic resource]
260 ## - PUBLICATION, DISTRIBUTION, ETC. (IMPRINT)
Place of publication, distribution, etc New York
Date of publication, distribution, etc [1964]
300 ## - PHYSICAL DESCRIPTION
Extent x, 378 p.
Other physical details illus.
Dimensions 24 cm.
506 ## - RESTRICTIONS ON ACCESS NOTE
Standardized terminology for access restriction Необхідна авторизація на https://archive.org/ (створення облікового запису безкоштовно)
506 ## - RESTRICTIONS ON ACCESS NOTE
Standardized terminology for access restriction Необхідна авторизація на https://openlibrary.org/ (створення облікового запису безкоштовно)
650 #0 - SUBJECT ADDED ENTRY--TOPICAL TERM
Topical term or geographic name as entry element Installment plan.
856 41 - ELECTRONIC LOCATION AND ACCESS
Uniform Resource Identifier <a href="http://www.archive.org/details/instalmentcredit00amer">http://www.archive.org/details/instalmentcredit00amer</a>
Public note Free eBook from the Internet Archive
856 42 - ELECTRONIC LOCATION AND ACCESS
Uniform Resource Identifier <a href="http://www.openlibrary.org/books/OL5929915M">http://www.openlibrary.org/books/OL5929915M</a>
Public note Additional information and access via Open Library
942 ## - ADDED ENTRY ELEMENTS (KOHA)
Koha item type ЕКнига

Немає доступних примірників.